Neuroanatomy for Medical Students (Record no. 1156)

MARC details
000 -LEADER
fixed length control field 00800pam a2200277 a 4500
001 - CONTROL NUMBER
control field 724807
003 - CONTROL NUMBER IDENTIFIER
control field OSt
005 - DATE AND TIME OF LATEST TRANSACTION
control field 20161111140720.0
008 - FIXED-LENGTH DATA ELEMENTS--GENERAL INFORMATION
fixed length control field 980121s1998 enka b 001 0 eng c
010 ## - LIBRARY OF CONGRESS CONTROL NUMBER
LC control number 98009508
020 ## - INTERNATIONAL STANDARD BOOK NUMBER
International Standard Book Number 0750634693
040 ## - CATALOGING SOURCE
Original cataloging agency DNLM/DLC
Transcribing agency DLC
Modifying agency DLC
050 10 - LIBRARY OF CONGRESS CALL NUMBER
Classification number QM451
Item number .W696 1998
060 10 - NATIONAL LIBRARY OF MEDICINE CALL NUMBER
Classification number WL 101 W686n 1998
082 00 - DEWEY DECIMAL CLASSIFICATION NUMBER
Classification number WL 101 W656n 1998
Edition number 21
100 1# - MAIN ENTRY--PERSONAL NAME
Personal name Wilkinson, John Leonard
9 (RLIN) 3162
245 10 - TITLE STATEMENT
Title Neuroanatomy for Medical Students
250 ## - EDITION STATEMENT
Edition statement 3rd ed.
260 ## - PUBLICATION, DISTRIBUTION, ETC. (IMPRINT)
Place of publication, distribution, etc. Oxford ;
Name of publisher, distributor, etc. Butterworth-Heinemann,
Date of publication, distribution, etc. 1998.
300 ## - PHYSICAL DESCRIPTION
Extent x, 248 p. :
Other physical details col.ill:
Dimensions 25 cm.
504 ## - BIBLIOGRAPHY, ETC. NOTE
Bibliography, etc Includes bibliographical references and index.
650 #0 - SUBJECT ADDED ENTRY--TOPICAL TERM
Topical term or geographic name as entry element Neuroanatomy.
9 (RLIN) 417
650 #0 - SUBJECT ADDED ENTRY--TOPICAL TERM
Topical term or geographic name as entry element Anatomy
9 (RLIN) 124
906 ## - LOCAL DATA ELEMENT F, LDF (RLIN)
a 7
b cbc
c orignew
d 1
e ocip
f 19
g y-gencatlg
942 ## - ADDED ENTRY ELEMENTS (KOHA)
Source of classification or shelving scheme Other/Generic Classification Scheme
Koha item type Short Loan
Holdings
Withdrawn status Lost status Source of classification or shelving scheme Damaged status Not for loan Home library Current library Date acquired Source of acquisition Inventory number Total Checkouts Full call number Barcode Date last seen Koha item type
    Other/Generic Classification Scheme     MUST Main Library MUST Main Library 04/03/2015   01/15104   WL 101 W656n 1998 2015-0470 04/03/2015 Short Loan
    Other/Generic Classification Scheme     MUST Main Library MUST Main Library 04/03/2015   04/22652   WL 101 W656n 1998 2015-0471 04/03/2015 Short Loan
    Other/Generic Classification Scheme     MUST Main Library MUST Main Library 04/03/2015   04/22651   WL 101 W656n 1998 2015-0472 04/03/2015 Short Loan